Fast typing - "after an illness, walking the dog" - Statistics

General Stats
  • This quiz has been taken 31 times
  • The average score is 12 of 22
Answer Stats
Hint Answer % Correct
and I suppose his main regret is that and I suppose his main regret is that
100%
Every pebble gleams, every leaf. Every pebble gleams, every leaf.
100%
he can sniff just one at a time. he can sniff just one at a time.
100%
he runs way up the sandy road he runs way up the sandy road
100%
In a frenzy of delight In a frenzy of delight
100%
scored by freshets after five days of rain. scored by freshets after five days of rain.
100%
Wet things smell stronger Wet things smell stronger
100%
When I whistle he halts abruptly and steps in a circle, When I whistle he halts abruptly and steps in a circle,
100%
swings his extravagant tail. swings his extravagant tail.
83%
Then he rolls and rubs his muzzle in a particular place, Then he rolls and rubs his muzzle in a particular place,
67%
The top of the logging road stands open and light The top of the logging road stands open and light
67%
while the drizzle falls without cease, and Queen Anne’s lace and Goldenrod bend low. while the drizzle falls without cease, and Queen Anne’s lace and Goldenrod bend low.
67%
a downward, vertiginous drag comes with it a downward, vertiginous drag comes with it
17%
and he, the designated optimist, imagines to the end that he is free. and he, the designated optimist, imagines to the end that he is free.
17%
and looks up with what amounts to a grin. and looks up with what amounts to a grin.
17%
I wait until we’re nearly out to the main road to put him back on the leash I wait until we’re nearly out to the main road to put him back on the leash
17%
The footing is ambiguous. The footing is ambiguous.
17%
Time to head home. Time to head home.
17%
Another day, before hunting starts, we’ll see how far it goes, leaving word first at home. Another day, before hunting starts, we’ll see how far it goes, leaving word first at home.
0%
A sound commences in my left ear like the sound of the sea in a shell A sound commences in my left ear like the sound of the sea in a shell
0%
It’s so good to be uphill with him, nicely winded, and looking down on the pond. It’s so good to be uphill with him, nicely winded, and looking down on the pond.
0%
Soaked and muddy, the dog drops, panting Soaked and muddy, the dog drops, panting
0%
No matching quizzes found
Score Distribution
Percent of People with Each Score
Percentile by Number Answered
Your Score History
You have not taken this quiz